| 000 | 00614nam a2200193Ia 4500 | ||
|---|---|---|---|
| 005 | 20250508162258.0 | ||
| 008 | 008 250505s9999 xx 000 0 eng d | ||
| 037 | _aDissertations | ||
| 040 |
_aFEDL _beng _cFEDL |
||
| 041 |
_aeng _2eng |
||
| 084 |
_a371.426, DEV/DI _qFEDL |
||
| 100 |
_aDevraj Anita _9772730 |
||
| 245 | 0 | _aComparative study of the problems faced by the students of the academic stream and the vocational stream | |
| 260 | _c1983 | ||
| 300 | _a95p. | ||
| 546 | _aM.Ed. Dissertation 1981-83(Delhi University) | ||
| 942 |
_cDIS _h371.426, DEV/DI |
||
| 999 |
_c1375551 _d1375551 |
||